000 00292nam a2200133Ia 4500
100 _aMahahar Lotia
490 _v2
942 _cBK
654 _atelevision
245 _aModern portable television circuits
260 _bBPB
_aNew Delhi
_c1993
082 _a621.388
_bMAH
546 _aENGLISH
999 _c34804
_d34804